00624nam a2200169 u 450000100100000000500170001000800410002702000180006804000250008608200250011110000410013624501170017726000370029430000200033150000730035150400300042400004622220201002052722.0100813s2015 dr 000 0 spa d a9789945083538 aDO-SdBNPbspacBNPHU axxxxxxxxxbxxxxxxxxx1 aHernández Figueroa, Alfredo Rafael10a¡Mataron al comisario! :bun episodio ignorado de nuestra microhistoria /cAlfredo Rafael Hernández Figueroa. aSanto Domingo :bAlfredo,c2015. a36 p. ;c21 cm. aIncluye referencias bibliográficas y notas al pie de las páginas aBibligrafías : p. 35-36